Counselling and supporting children in distress (Record no. 479338)

MARC details
000 -LEADER
fixed length control field 01441cam a2200349 a 4500
001 - CONTROL NUMBER
control field EDZ0000063880
003 - CONTROL NUMBER IDENTIFIER
control field StDuBDS
005 - DATE AND TIME OF LATEST TRANSACTION
control field 20161031105112.0
006 - FIXED-LENGTH DATA ELEMENTS--ADDITIONAL MATERIAL CHARACTERISTICS--GENERAL INFORMATION
fixed length control field m||||||||d||||||||
007 - PHYSICAL DESCRIPTION FIXED FIELD--GENERAL INFORMATION
fixed length control field cr |||||||||||
008 - FIXED-LENGTH DATA ELEMENTS--GENERAL INFORMATION
fixed length control field 120326s1998 enk fo| 001|0|eng d
020 ## - INTERNATIONAL STANDARD BOOK NUMBER
International Standard Book Number 9781446217757 (ebook) :
Terms of availability No price
040 ## - CATALOGING SOURCE
Original cataloging agency StDuBDS
Language of cataloging eng
Transcribing agency StDuBDS
Description conventions pn
049 ## - LOCAL HOLDINGS (OCLC)
Holding library Alfaisal Main Library
050 #0 - LIBRARY OF CONGRESS CALL NUMBER
Classification number BF723.E598
Item number S54 1998
082 04 - DEWEY DECIMAL CLASSIFICATION NUMBER
Classification number 362.204256083
Edition number 23
100 1# - MAIN ENTRY--PERSONAL NAME
Personal name Sharp, Sonia,
Dates associated with a name 1961-
245 10 - TITLE STATEMENT
Title Counselling and supporting children in distress
Medium [electronic resource] /
Statement of responsibility, etc Sonia Sharp and Helen Cowie.
260 ## - PUBLICATION, DISTRIBUTION, ETC. (IMPRINT)
Place of publication, distribution, etc London :
Name of publisher, distributor, etc SAGE,
Date of publication, distribution, etc 1998.
300 ## - PHYSICAL DESCRIPTION
Extent 1 online resource ([vii], 163 p.)
504 ## - BIBLIOGRAPHY, ETC. NOTE
Bibliography, etc Includes bibliographical references and index.
520 8# - SUMMARY, ETC.
Summary, etc 'Counselling and Supporting Children in Distress' provides workers in the caring professions with the knowledge and understanding they need in order to provide effective counselling and support for children and young people.
521 ## - TARGET AUDIENCE NOTE
Target audience note Specialized.
588 ## -
-- Description based on print version record.
650 #0 - SUBJECT ADDED ENTRY--TOPICAL TERM
Topical term or geographic name as entry element Children
General subdivision Counseling of
Geographic subdivision Great Britain.
655 #7 - INDEX TERM--GENRE/FORM
Genre/form data or focus term Electronic books.
Source of term local
700 1# - ADDED ENTRY--PERSONAL NAME
Personal name Cowie, Helen.
710 2# - ADDED ENTRY--CORPORATE NAME
Corporate name or jurisdiction name as entry element Sage eBooks
776 08 - ADDITIONAL PHYSICAL FORM ENTRY
Display text Print version :
International Standard Book Number 9780761956198
856 40 - ELECTRONIC LOCATION AND ACCESS
Uniform Resource Identifier <a href="http://ezproxy.alfaisal.edu/login?url=http://sk.sagepub.com/books/counselling-and-supporting-children-in-distress">http://ezproxy.alfaisal.edu/login?url=http://sk.sagepub.com/books/counselling-and-supporting-children-in-distress</a>
942 ## - ADDED ENTRY ELEMENTS (KOHA)
Source of classification or shelving scheme Library of Congress Classification
Koha item type eBooks

No items available.

Copyright © 2020 Alfaisal University Library. All Rights Reserved.
Tel: +966 11 2158948 Fax: +966 11 2157910 Email:
librarian@alfaisal.edu